000 00708cam2a220024100 4500
001 zam00003485
008 951128s1973 xx eng u
035 _a(Sirsi) r20812
035 _a(MACHINE)SLC.
100 _aTyeguunyenko.
_6A82300.1
245 1 0 _aIndustrialization of developing ...
260 _c1973.
949 _aHC59.7
_wlcc
_i-19872
_mMAIN
_tBOOK
_lON-SHELF
949 _aHC59.7
_wlcc
_mMAIN
_tBOOK
_lON-SHELF
004 20812
591 _aClass code: DS 950.
591 _aCourse: Industralisation and development.
591 _aSchool: S05.
591 _aLecturer: Mr. IMBOELA, L.B.
591 _aNumber of Students: 50.
900 _2MAIN
_8HC59.7
_9IND
_c2
909 _aBook
999 _c173075
_d173075